004180000a220010900045001000022000002450099000223000044001217730028001659420008001939520090002019990017002911 aMitchell, William10aInforme de Diego Thomson a la Comisión de la Sociedad de Escuelas Británicas y Extrangeras aVol. 5, Núm 9 (1997), Páginas 62-760 tTextos para la acción cANA 001040708HEMaFUSBCbFUSBCd2016-01-26l0o r2016-01-26 00:00:00w2016-01-26yANA c53238d53238